| 000 | 01289nam a2200373 a 4500 | ||
|---|---|---|---|
| 999 |
_c7514 _d7514 |
||
| 001 | 991017399559706706 | ||
| 003 | OSt | ||
| 005 | 20240912162909.0 | ||
| 008 | 030529s2002 spcco || 001 |cspa | ||
| 015 |
_aLL2003 _2bnc |
||
| 017 |
_aDL B. 50937-2002 _bBiblioteca de Catalunya |
||
| 020 | _a8488944950 | ||
| 035 | _a(ES-BaCBU)b29327866-34csuc_network | ||
| 035 | _a(ES-BaCBU).b29327866 | ||
| 035 | _a(ccuc001)b29327866 | ||
| 035 | _a(OCoLC)865256313 | ||
| 040 |
_aES-BaBC _bcat _cCDMR |
||
| 043 | _ae-sp--- | ||
| 080 | _a929-055.2(460)"19" | ||
| 080 | _a946.0-055.2"19" | ||
| 100 | _aRodrigo, Antonina, | ||
| 245 | 1 | 0 |
_aMujeres para la historia : _bla España silenciada del siglo XX / _cAntonia Rodrigo ; [prólogo de Montserrat Roig] |
| 260 |
_aBarcelona : _bCarena, _cDL 2002 |
||
| 300 |
_a314 p. : _bil., retrats ; _c21 cm |
||
| 500 | _aInclou informació sobre María Luz Morales (pàgines 206-217) | ||
| 504 | _aReferències bibliogràfiques. Índex | ||
| 650 | 7 |
_aDones _zEspanya _xHistòria _yS. XX. _2lemac |
|
| 650 | 7 |
_aExiliades _zEspanya _xBiografia. _2lemac |
|
| 700 | 1 |
_92620 _aRoig, Montserrat |
|
| 907 |
_a.b29327866 _b17-06-21 _c08-05-08 _d07-05-08 _em _fa _g- _hspa _ispc _j0 _k4 |
||
| 908 |
_aBC _aUB _aUdL _aURV _aUJI _aGEPA |
||
| 940 | _aBC | ||
| 942 |
_2udc _cMON |
||